000
00365nam a2200169Ia 4500
003
0STCL
008
150530s9999 xx 000 0 und d
040
_a
STCL
_c
STCL
100
_a
Yeshpal
245
_a
Divaya
260
_b
Vipalav karayalaya; Lucknow
_c
1965
300
_a
0
546
_a
Hindi
942
_2
ddc
_c
BK
999
_c
64473
_d
64473
005
20220125171244.0